Una secuencia didáctica para la escuela secundaria. (Registro nro. 32761)
[ vista simple ]
| 000 -CABECERA | |
|---|---|
| campo fijo de control de longitud | 01497nab a2200265 4500 |
| 003 - IDENTIFICADOR DEL NÚMERO DE CONTROL | |
| campo de control | AR-RoBPED |
| 005 - FECHA Y HORADE LA ULTIMA TRANSACCION | |
| campo de control | 20260514093902.0 |
| 008 - ELEMENTOS DE LONGITUD FIJA--INFORMACION GENERAL | |
| campo fijo de control de longitud | 260514b |||||||| |||| 00| 0 spa d |
| 040 ## - FUENTE CATALOGADORA | |
| Centro catalogador/agencia de origen | AR-RoBPED |
| 041 ## - IDIOMA | |
| Código de idioma para texto/pista de sonido o título independiente | spa |
| 100 1# - ENCABEZAMIENTO PRINCIPAL--AUTOR PERSONAL | |
| Nombre de persona | Bustamante Salvatierra, Stephanie M. |
| 9 (RLIN) | 30926 |
| Función | Estudiante avanzada del profesorado y la licenciatura en Letras |
| 245 13 - TITULO | |
| Título | Una secuencia didáctica para la escuela secundaria. |
| Subtítulo | Escritura de invención y talleres de escritura / |
| 260 ## - PUBLICACION | |
| Lugar | Buenos Aires : |
| Editor | Noveduc, |
| Fecha | 2023 |
| 300 ## - DESCRIPCION FISICA | |
| Extensión | 56-59 p. |
| 500 ## - NOTA GENERAL | |
| Nota general | Se comparte una secuencia didáctica que se llevó adelante en una de las clases de la materia Didáctica Especial y Práctica Docente de la carrera del profesorado en Letras, de la Facultad de Humanidades, en la Universidad Nacional de Mar del Plata. Los temas que se abordaron fueron los talleres de escritura y la escritura de invención. La estructura del texto permite al lector visualizar la distribución del tiempo y el empleo de diferentes recursos a lo largo de una clase. |
| 650 #7 - TERMINO DE MATERIA--CONTROLADO | |
| Término controlado | DIDACTICA |
| 9 (RLIN) | 167 |
| Término controlado | TALLERES - METODO PEDAGOGICO |
| 9 (RLIN) | 17661 |
| Término controlado | ESCRITURA |
| 9 (RLIN) | 114 |
| Término controlado | PROPUESTA DIDÁCTICA |
| 9 (RLIN) | 22005 |
| Término controlado | PRACTICA DOCENTE |
| 9 (RLIN) | 1148 |
| 700 1# - ENCABEZAMIENTO SECUNDARIO--AUTOR PERSONAL | |
| Nombre de persona | Etchart, Juana |
| 9 (RLIN) | 30927 |
| Función | Profesora en Letras |
| 773 0# - DOCUMENTO FUENTE | |
| Host Biblionumber | 20414 |
| Host Itemnumber | 41865 |
| Place, publisher, and date of publication | Buenos Aires : Noveduc, 1993- |
| Título | Novedades Educativas |
| Record control number | (AR-RoBPED)20414 |
| International Standard Serial Number | 03283534 |
| 942 ## - ELEMENTOS KOHA | |
| Fuente de clasificación | Universal Decimal Classification |
| Koha tipo de ítem | Revistas |
| Clasificación | 37(05) |
| Signatura librística | Nov 86 N° 390 (Sept. 2023) |
| Número Koha | k.32761 |
| 945 ## - PROCESAMIENTO DE LA INFORMACIÓN LOCAL | |
| Catalogador y fecha | mar 05/2026 |
No hay ítems disponibles.